| 000 | 00367nam a2200145Ia 4500 | ||
|---|---|---|---|
| 008 | 191201s2013 xx 000 0 und d | ||
| 082 |
_a624.1821 _bPUC |
||
| 100 | _aPUNMIA, B.C | ||
| 245 | 0 | _aComprehensive design of steel structures | |
| 250 | _aRep | ||
| 260 |
_aN. delhi _bLaxmi Publications _c2013 |
||
| 300 | _a1156 | ||
| 650 | _aB.Tech(CE) | ||
| 942 |
_2ddc _cBK _06 |
||
| 999 |
_c5274 _d5274 |
||